[Event "ITA-chT Gp 55th"]
[Site "Vasto"]
[Date "2024.04.11"]
[Round "6.17"]
[White "Milliet, Sophie"]
[Black "Socko, Monika"]
[Result "1/2-1/2"]
[WhiteElo "2392"]
[BlackElo "2428"]
[PlyCount "92"]
[EventDate "2024.04.12"]
[EventType "team-tourn"]
[EventRounds "7"]
[EventCountry "ITA"]
[SourceTitle "EXT 2025"]
[Source "ChessBase"]
[SourceDate "2024.10.14"]
[SourceVersion "1"]
[SourceVersionDate "2024.10.14"]
[SourceQuality "1"]

1. e4 e6 2. d4 d5 3. e5 c5 4. c3 Bd7 5. Nf3 a6 6. Be3 Qb6 7. Qb3 Qxb3 8. axb3 cxd4 9. Nxd4 Nc6 10. Nxc6 Bxc6 11. b4 Rc8 12. Na3 Ne7 13. b5 axb5 14. Nxb5 Nf5 15. Bb6 Be7 16. Bd3 0-0 17. Nd4 Nxd4 18. Bxd4 f6 19. 0-0 fxe5 20. Bxe5 Ra8 21. g3 Bf6 22. Rxa8 Rxa8 23. f4 Ra2 24. Rb1 Be7 25. Bd4 Be8 26. f5 Bd7 27. Re1 Rxb2 28. fxe6 Bc8 29. Bf5 Ra2 30. Bg4 Ra6 31. Bf3 Bxe6 32. Rxe6 Rxe6 33. Bxd5 Kf7 34. Bxe6+ Kxe6 35. Bxg7 Kd5 36. Kf2 Ke4 37. Ke2 b5 38. Bh6 b4 39. cxb4 Bxb4 40. Kf2 Kf5 41. Kf3 Kg6 42. Bf4 h5 43. g4 Bc5 44. h3 hxg4+ 45. Kxg4 Be7 46. h4 Bxh4 1/2-1/2

[Event "BL 2324 (Women)"]
[Site "Germany"]
[Date "2024.03.23"]
[Round "7.3"]
[White "Daemering, Katrin"]
[Black "Milliet, Sophie"]
[Result "0-1"]
[WhiteElo "1983"]
[BlackElo "2386"]
[PlyCount "82"]
[EventDate "2023.10.14"]
[EventType "team-tourn"]
[EventRounds "11"]
[EventCountry "GER"]
[SourceTitle "CBM 220 Extra"]
[Source "ChessBase"]
[SourceDate "2024.07.31"]
[SourceVersion "1"]
[SourceVersionDate "2024.07.31"]
[SourceQuality "1"]
[WhiteTeam "Leipzig Weissblau (W)"]
[BlackTeam "Schwaebisch Hall (W)"]
[WhiteTeamCountry "GER"]
[BlackTeamCountry "GER"]

1. e4 e5 2. Nf3 Nc6 3. Bc4 Nf6 4. d3 Bc5 5. 0-0 d6 6. c3 a5 7. h3 0-0 8. d4 Ba7 9. Re1 h6 10. Na3 exd4 11. cxd4 Nxe4 12. Rxe4 d5 13. Re2 dxc4 14. d5 Ne7 15. Rd2 Bc5 16. Nxc4 Bb4 17. Rd4 Nf5 18. Rd3 Nd6 19. Ne3 Re8 20. Bd2 Bc5 21. Rc1 Ne4 22. Be1 b6 23. b3 Ba6 24. Nc4 Qf6 25. Rc2 Rad8 26. Nh2 Qg6 27. Ng4 f6 28. Nge3 f5 29. Qf3 Ng5 30. Qd1 f4 31. Ng4 Rxe1+ 32. Qxe1 Qxd3 33. Rd2 Qf5 34. Re2 f3 35. Re5 Qg6 36. h4 Nh7 37. gxf3 Bxc4 38. bxc4 h5 39. Re6 Nf6 40. Re5 hxg4 41. Rg5 Qf7 0-1

[Event "BEL-chT 2324"]
[Site "Belgium"]
[Date "2024.03.10"]
[Round "9.4"]
[White "Milliet, Sophie"]
[Black "Van der Stricht, Geert"]
[Result "1-0"]
[WhiteElo "2384"]
[BlackElo "2322"]
[PlyCount "77"]
[EventDate "2023.09.24"]
[EventType "team-tourn"]
[EventRounds "11"]
[EventCountry "BEL"]
[SourceTitle "EXT 2025"]
[Source "ChessBase"]
[SourceDate "2024.10.14"]
[SourceVersion "1"]
[SourceVersionDate "2024.10.14"]
[SourceQuality "1"]
[WhiteTeam "Wachtebeke"]
[BlackTeam "KGSRL"]
[WhiteTeamCountry "BEL"]
[BlackTeamCountry "BEL"]

1. e4 c5 2. Nc3 Nc6 3. Nf3 e5 4. Bc4 d6 5. d3 Be7 6. a4 Nf6 7. Bg5 0-0 8. Bxf6 Bxf6 9. Nd5 Be6 10. c3 g6 11. h4 Bxd5 12. Bxd5 Ne7 13. Qb3 Nxd5 14. Qxd5 Qd7 15. h5 Qc6 16. Nd2 Bg5 17. Nc4 Qxd5 18. exd5 Rad8 19. f3 f5 20. g3 Kg7 21. Kd1 Be7 22. Kc2 f4 23. hxg6 hxg6 24. g4 Rh8 25. Na5 Rxh1 26. Rxh1 Rb8 27. Nc4 b6 28. Nd2 g5 29. Ne4 Kg6 30. Kd2 Rc8 31. b4 c4 32. dxc4 Rxc4 33. Rh8 Rc7 34. Kd3 Kg7 35. Ra8 Kg6 36. c4 Kg7 37. Nc3 Kg6 38. Nb5 e4+ 39. fxe4 1-0

[Event "BEL-chT 2324"]
[Site "Belgium"]
[Date "2024.02.18"]
[Round "8.4"]
[White "Maerevoet, Sim"]
[Black "Milliet, Sophie"]
[Result "1-0"]
[WhiteElo "2437"]
[BlackElo "2384"]
[PlyCount "109"]
[EventDate "2023.09.24"]
[EventType "team-tourn"]
[EventRounds "11"]
[EventCountry "BEL"]
[SourceTitle "EXT 2025"]
[Source "ChessBase"]
[SourceDate "2024.10.14"]
[SourceVersion "1"]
[SourceVersionDate "2024.10.14"]
[SourceQuality "1"]
[WhiteTeam "KBSK Brugge"]
[BlackTeam "Wachtebeke"]
[WhiteTeamCountry "BEL"]
[BlackTeamCountry "BEL"]

1. e4 e5 2. Nf3 Nc6 3. Bc4 Nf6 4. d3 Bc5 5. Nc3 a6 6. Bg5 h6 7. Bxf6 Qxf6 8. Nd5 Qd8 9. c3 d6 10. d4 Ba7 11. dxe5 Nxe5 12. Nxe5 dxe5 13. Qh5 0-0 14. Qxe5 Re8 15. Qf4 Be6 16. 0-0-0 Qg5 17. Qxg5 hxg5 18. Bb3 Rac8 19. f3 g4 20. Kb1 c5 21. c4 Kf8 22. Ba4 Red8 23. f4 f6 24. Rhe1 Rb8 25. Bb3 Kf7 26. f5 Bxd5 27. exd5 Re8 28. Re6 Rbd8 29. g3 Bb8 30. Rde1 Be5 31. Rb6 Re7 32. Bd1 Rh8 33. Re2 Rh5 34. Rd2 Rxf5 35. Bxg4 Rf1+ 36. Kc2 Bd4 37. d6 Re8 38. Rxb7+ Kf8 39. d7 Rd8 40. Bh5 Ke7 41. Be8 Re1 42. Rc7 Re3 43. Kd1 a5 44. b3 g5 45. Re2 g4 46. Rxe3+ Bxe3 47. Ke2 Bg1 48. Ra7 Rb8 49. Rxa5 Rb6 50. Kf1 Bd4 51. Ra8 Rd6 52. a4 f5 53. d8Q+ Rxd8 54. Rxd8 Kxd8 55. Bg6 1-0

[Event "Wachtebeke-A"]
[Site "Wachtebeke"]
[Date "2024.02.15"]
[Round "9"]
[White "Dobrikov, Marco"]
[Black "Milliet, Sophie"]
[Result "1-0"]
[WhiteElo "2248"]
[BlackElo "2392"]
[PlyCount "89"]
[EventDate "2024.02.10"]
[EventType "tourn"]
[EventRounds "9"]
[EventCountry "BEL"]
[EventCategory "3"]
[SourceTitle "CBM 218 Extra"]
[Source "ChessBase"]
[SourceDate "2024.03.31"]
[SourceVersion "1"]
[SourceVersionDate "2024.03.31"]
[SourceQuality "1"]

1. d4 Nf6 2. c4 e6 3. Nf3 d5 4. Nc3 c6 5. e3 Nbd7 6. Be2 Bd6 7. 0-0 0-0 8. b3 Ne4 9. Nxe4 dxe4 10. Nd2 f5 11. f4 exf3 12. Nxf3 b6 13. Qc2 c5 14. e4 cxd4 15. exf5 Nc5 16. Bg5 Qc7 17. b4 Nb7 18. fxe6 Bxe6 19. Bd3 h6 20. Bh7+ Kh8 21. Nh4 Rxf1+ 22. Rxf1 Bg8 23. Bxg8 Kxg8 24. Bxh6 Bxh2+ 25. Kh1 Be5 26. Bg5 Bd6 27. Qb3 Rf8 28. c5+ Kh7 29. Qd3+ Kg8 30. cxd6 Rxf1+ 31. Qxf1 Nxd6 32. Ng6 Ne4 33. Ne7+ Qxe7 34. Bxe7 Ng3+ 35. Kg1 Nxf1 36. Kxf1 Kf7 37. Bh4 Ke6 38. Ke2 a5 39. a3 axb4 40. axb4 Ke5 41. Kd3 b5 42. Bf2 g5 43. Bxd4+ Kf4 44. Be3+ Kg4 45. Ke4 1-0

[Event "Wachtebeke-A"]
[Site "Wachtebeke"]
[Date "2024.02.12"]
[Round "4"]
[White "Gloeckler, Christian"]
[Black "Milliet, Sophie"]
[Result "1/2-1/2"]
[WhiteElo "2312"]
[BlackElo "2392"]
[PlyCount "55"]
[EventDate "2024.02.10"]
[EventType "tourn"]
[EventRounds "9"]
[EventCountry "BEL"]
[EventCategory "3"]
[SourceTitle "CBM 218 Extra"]
[Source "ChessBase"]
[SourceDate "2024.03.31"]
[SourceVersion "1"]
[SourceVersionDate "2024.03.31"]
[SourceQuality "1"]

1. e4 e5 2. Nf3 Nc6 3. Bb5 a6 4. Ba4 Nge7 5. c3 f6 6. 0-0 d5 7. exd5 Qxd5 8. Bb3 Qd3 9. Bc2 Qd6 10. d4 exd4 11. Nxd4 Nxd4 12. cxd4 Be6 13. Re1 0-0-0 14. Nc3 Bf5 15. Be3 Bxc2 16. Qxc2 Nd5 17. Rac1 c6 18. a3 h5 19. Na4 Qc7 20. Bd2 h4 21. h3 Bd6 22. Qg6 Kb8 23. b4 Qd7 24. Re4 f5 25. Re6 f4 26. Rce1 Rh6 27. Qg4 Rxe6 28. Rxe6 1/2-1/2

[Event "Wachtebeke-A"]
[Site "Wachtebeke"]
[Date "2024.02.11"]
[Round "3"]
[White "Milliet, Sophie"]
[Black "Hauchamps, Maxime"]
[Result "1-0"]
[WhiteElo "2392"]
[BlackElo "2262"]
[PlyCount "79"]
[EventDate "2024.02.10"]
[EventType "tourn"]
[EventRounds "9"]
[EventCountry "BEL"]
[EventCategory "3"]
[SourceTitle "CBM 218 Extra"]
[Source "ChessBase"]
[SourceDate "2024.03.31"]
[SourceVersion "1"]
[SourceVersionDate "2024.03.31"]
[SourceQuality "1"]

1. e4 c5 2. Nf3 Nc6 3. Bb5 g6 4. Bxc6 dxc6 5. d3 Bg7 6. a4 a5 7. h3 Nf6 8. Be3 Nd7 9. Nc3 e5 10. Qd2 h6 11. Nh2 b6 12. 0-0 Nf8 13. f4 exf4 14. Bxf4 Ne6 15. Bg3 Qg5 16. Qe1 Nd4 17. Nf3 Qe7 18. Qd2 Be6 19. e5 Bf5 20. Rae1 0-0-0 21. Nxd4 Rxd4 22. b3 Re8 23. Qf2 Qd7 24. Qf3 Be6 25. Ne4 Kb8 26. Nd6 Re7 27. Nxf7 Ka7 28. Nd6 Bg8 29. Nc4 Rd5 30. e6 Bxe6 31. Qf4 Qc8 32. Qe4 Rf5 33. Rxf5 gxf5 34. Qf4 Bc3 35. Re2 b5 36. axb5 cxb5 37. Qd6 Bf6 38. Qb6+ Ka8 39. Qxa5+ Ra7 40. Nb6+ 1-0

[Event "Wachtebeke-A"]
[Site "Wachtebeke"]
[Date "2024.02.10"]
[Round "1"]
[White "Milliet, Sophie"]
[Black "Victor, Julian"]
[Result "1/2-1/2"]
[WhiteElo "2392"]
[BlackElo "2289"]
[PlyCount "85"]
[EventDate "2024.02.10"]
[EventType "tourn"]
[EventRounds "9"]
[EventCountry "BEL"]
[EventCategory "3"]
[SourceTitle "CBM 218 Extra"]
[Source "ChessBase"]
[SourceDate "2024.03.31"]
[SourceVersion "1"]
[SourceVersionDate "2024.03.31"]
[SourceQuality "1"]

1. e4 c6 2. d4 d5 3. e5 Bf5 4. Nf3 e6 5. Be2 Ne7 6. 0-0 Bg6 7. Nbd2 c5 8. dxc5 Nec6 9. Nb3 Nd7 10. c4 dxc4 11. Bxc4 Be7 12. Qe2 Nxc5 13. Rd1 Qc7 14. Nxc5 Bxc5 15. Be3 Bxe3 16. Qxe3 0-0 17. Rac1 Rfd8 18. Rxd8+ Rxd8 19. Bb5 Rd5 20. Bxc6 bxc6 21. h3 c5 22. Rc3 h6 23. Qe2 Kh7 24. Qc4 Qd7 25. Rb3 Bd3 26. Qh4 Bb5 27. a4 Ba6 28. Qe4+ Kg8 29. Rb8+ Bc8 30. Qc4 Qc7 31. Qb5 Kh7 32. Ra8 a6 33. Qb3 Qb7 34. Qxb7 Bxb7 35. Ra7 Rd1+ 36. Kh2 Bxf3 37. gxf3 Rd2 38. Rxf7 Rxf2+ 39. Kg3 Rxb2 40. Re7 Rb4 41. Rxe6 Rxa4 42. Rc6 g5 43. Rxc5 1/2-1/2

[Event "BEL-chT 2324"]
[Site "Belgium"]
[Date "2024.02.04"]
[Round "7.3"]
[White "Lenaerts, Lennert"]
[Black "Milliet, Sophie"]
[Result "1/2-1/2"]
[WhiteElo "2357"]
[BlackElo "2384"]
[PlyCount "55"]
[EventDate "2023.09.24"]
[EventType "team-tourn"]
[EventRounds "11"]
[EventCountry "BEL"]
[SourceTitle "EXT 2025"]
[Source "ChessBase"]
[SourceDate "2024.10.14"]
[SourceVersion "1"]
[SourceVersionDate "2024.10.14"]
[SourceQuality "1"]
[WhiteTeam "Crelel"]
[BlackTeam "Wachtebeke"]
[WhiteTeamCountry "BEL"]
[BlackTeamCountry "BEL"]

1. d4 d5 2. c4 e6 3. Nc3 c5 4. cxd5 cxd4 5. Qa4+ Bd7 6. Qxd4 exd5 7. Qxd5 Nf6 8. Qd1 Bc5 9. Nf3 0-0 10. a3 Qc7 11. e3 Nc6 12. Be2 Rfd8 13. 0-0 Ne5 14. Nd5 Nxf3+ 15. Bxf3 Nxd5 16. Bxd5 Be6 17. e4 Bxd5 18. exd5 Qe5 19. Qf3 Qxd5 20. Bf4 Qxf3 21. gxf3 Bd4 22. Rab1 Rac8 23. Rfd1 Bf6 24. Rxd8+ Rxd8 25. Be3 a6 26. a4 b5 27. axb5 axb5 28. b4 1/2-1/2

[Event "BEL-chT 2324"]
[Site "Belgium"]
[Date "2024.01.28"]
[Round "6.2"]
[White "De Strycker, Nathan"]
[Black "Milliet, Sophie"]
[Result "0-1"]
[WhiteElo "2272"]
[BlackElo "2384"]
[PlyCount "148"]
[EventDate "2023.09.24"]
[EventType "team-tourn"]
[EventRounds "11"]
[EventCountry "BEL"]
[SourceTitle "EXT 2025"]
[Source "ChessBase"]
[SourceDate "2024.10.14"]
[SourceVersion "1"]
[SourceVersionDate "2024.10.14"]
[SourceQuality "1"]
[WhiteTeam "Mechelen"]
[BlackTeam "Wachtebeke"]
[WhiteTeamCountry "BEL"]
[BlackTeamCountry "BEL"]

1. d4 d5 2. c4 e6 3. Nc3 c5 4. cxd5 cxd4 5. Qxd4 Nc6 6. Qa4 exd5 7. e3 Nf6 8. Nf3 Bd6 9. Bd2 0-0 10. Nb5 Ne4 11. Nxd6 Nxd2 12. Nxd2 Qxd6 13. Bb5 d4 14. Bxc6 dxe3 15. fxe3 bxc6 16. Rd1 Qf6 17. Nf3 Qxb2 18. 0-0 Be6 19. Rd2 Qb6 20. Re1 Rfe8 21. Qc2 h6 22. Nd4 Bd5 23. Qc3 Be4 24. Rc1 Rab8 25. Nb3 Qb4 26. Qxb4 Rxb4 27. Nc5 Bd5 28. e4 Bxe4 29. Nxe4 Rbxe4 30. Rxc6 Rf4 31. g3 Ra4 32. Rc7 Re1+ 33. Kg2 Ra1 34. Rcc2 Ra3 35. Rf2 f6 36. Rfd2 Kh7 37. Kf2 Kg6 38. Kg2 h5 39. Re2 Kg5 40. Red2 g6 41. Rf2 f5 42. Rfd2 h4 43. Rf2 Kh5 44. Rcd2 Kg5 45. Rc2 hxg3 46. hxg3 Re1 47. Kh2 Ree3 48. Rg2 Kg4 49. Rc4+ Re4 50. Rc6 g5 51. Rc5 Rea4 52. Rcc2 Ra6 53. Rc4+ Kf3 54. Rcc2 Rh6+ 55. Kg1 Re3 56. Rgf2+ Kg4 57. Rc4+ Re4 58. Rc5 Kxg3 59. Rcxf5 Re1+ 60. Rf1 Rxf1+ 61. Rxf1 Rd6 62. Rb1 Rd3 63. a4 Ra3 64. a5 g4 65. a6 Rxa6 66. Rb3+ Kh4 67. Kg2 Ra2+ 68. Kg1 a5 69. Rc3 a4 70. Rd3 Rb2 71. Ra3 Rb4 72. Kh2 g3+ 73. Kg2 Rb2+ 74. Kf3 Rb3+ 0-1